In search of a polar continent. 1905, 1907. With illustrations and a map
Guardat en:
| Autor principal: | |
|---|---|
| Format: | Llibre |
| Idioma: | anglès |
| Publicat: |
Londres
Edward Arnold
1908
|
| Edició: | 1a. ed |
| Matèries: | |
| Etiquetes: |
Afegir etiqueta
Sense etiquetes, Sigues el primer a etiquetar aquest registre!
|
MARC
| LEADER | 00000nam a2200000 a 4500 | ||
|---|---|---|---|
| 001 | UCJ5559 | ||
| 003 | CL-VaPUC | ||
| 008 | 070124e19080912UK |||||||||||||||||eng|d | ||
| 082 | 0 | 4 | |a 910.4 |b HAR |2 21 |
| 100 | 0 | |a Harrison, Alfred H. |e author |9 510844 | |
| 245 | 1 | 0 | |a In search of a polar continent. 1905, 1907. With illustrations and a map |
| 250 | |a 1a. ed | ||
| 300 | |a xx, 292 p | ||
| 942 | |c BK | ||
| 945 | |d 20070124 00:00:00 |a rinostro | ||
| 260 | |a Londres |b Edward Arnold |c 1908 | ||
| 500 | |a Distinción colegial adherida como ex libris; mapa e ilustraciones de acuerdo con el índice | ||
| 600 | 0 | 7 | |a HARRISON, DANIEL ALFRED |2 CL-VaPUC |9 510845 |
| 600 | 0 | 7 | |a PATERSON, H. |2 CL-VaPUC |9 510846 |
| 650 | 0 | |a Viajes |9 257115 | |
| 650 | 0 | |a Expediciones científicas |9 265222 | |
| 650 | 7 | |a DIARIO |2 CL-VaPUC |9 441581 | |
| 650 | 0 | |a Antropología |9 233030 | |
| 650 | 0 | |a Aborígenes |9 329972 | |
| 650 | 7 | |a FLORA |2 CL-VaPUC |9 264745 | |
| 650 | 7 | |a FAUNA |2 CL-VaPUC |9 349523 | |
| 650 | 7 | |a TRINEOS |2 CL-VaPUC |9 510482 | |
| 650 | 7 | |a ESQUIMALES |2 CL-VaPUC |9 441373 | |
| 650 | 7 | |a BALLENEROS |2 CL-VaPUC |9 504565 | |
| 650 | 0 | |a Cultura |9 269059 | |
| 650 | 0 | |a Costos |9 261063 | |
| 650 | 0 | |a Mapas |9 260844 | |
| 650 | 0 | |a Ilustraciones |9 369481 | |
| 650 | 7 | |a EX LIBRIS |2 CL-VaPUC |9 505186 | |
| 651 | 7 | |a REGION ARTICA |2 CL-VaPUC |9 366377 | |
| 583 | |a last modification |c 20070124 00:00:00 |k Rodrigo Vera | ||
| 999 | |c 321668 |d 321666 | ||
| 952 | |0 0 |1 0 |4 0 |6 910_400000000000000_HAR_1908 |7 0 |8 X |9 400473 |a FDOBUD |b FDOBUD |d 2019-11-22 |i 1036300 |o 910.4 HAR 1908 |p 1036300 |r 2019-11-22 |w 2019-11-22 |y BK_X |k BUD | ||